000 00843nam a2200241 4500
001 34432
003 BD-RjUL
005 20211209052146.0
008 140517s1977 bg af 000 0 eng d
035 _aCURL 980077906016(Lc ) from atc051
_a(BD-RjUL)34526
040 _aBD-RjUL
_beng
_cBD-RjUL
_dBD-RjUL
041 _aeng
082 _a307.1412951
_bRUL 1977
245 1 0 _aRural development in China :
_btour report of the B.A.R.D. team that visited China, from 1st to 16th July 1976 /
260 _aComilla :
_bBangladesh Academy for Rural Development,
_c1977.
300 _avi, 200 p., [1] leaf of plates :
_btables ;
_c25 cm
650 0 7 _aRural development
_zChina
_9104697
650 0 _aAgriculture
_zChina
_95149
651 0 _aChina
_xSocial conditions
_9104698
942 _2ddc
_cBK
999 _c34432
_d34432